The red badge of courage : an episode of the American Civil War /

Bibliographic Details
Main Author: Crane, Stephen, 1871-1900
Format: Book
Language:English
Published: New York : Modern Library, [1951]
Series:Modern Library College editions, T45
A Modern library giant
Subjects:

MARC

Tag First Indicator Second Indicator Subfields
LEADER 00000cam a2200000 4500
001 in00000039921
005 20151007070429.0
008 721027s1951 nyu 00000 eng d
010 |a  51002278  
035 |a (OCoLC)00478700 
035 |9 AAE4002AM 
040 |c WCW  |d TXA  |d UtOrBLW 
049 |a TXAM  |c 1 [1115418], 2 [902895] 
090 |a PS1449.C85  |b R4 1951 
100 1 |a Crane, Stephen,  |d 1871-1900. 
245 1 4 |a The red badge of courage :  |b an episode of the American Civil War /  |c Introd. by Robert Wooster Stallman. 
264 1 |a New York :  |b Modern Library,  |c [1951] 
264 4 |c [©1951] 
300 |a xlv, 266 pages ;  |c 19 cm. 
336 |a text  |b txt  |2 rdacontent 
337 |a unmediated  |b n  |2 rdamedia 
338 |a volume  |b nc  |2 rdacarrier 
490 0 |a Modern Library College editions, T45 
490 0 |a A Modern library giant 
504 |a Bibliography: pages xlii-xlv. 
651 0 |a United States  |x History  |y Civil War, 1861-1865  |v Fiction. 
999 |a MARS 
999 f f |s 571b754b-f60c-34fb-9394-9845077dcb27  |i a2c74854-82d6-35f0-a7ae-6a26e31fb7f4  |t 0 
952 f f |p ric  |a Texas A&M University  |b Rellis Campus  |c Joint Library Facility  |d Remote Storage  |t 0  |e PS1449.C85 R4 1951  |h Library of Congress classification  |i unmediated -- volume  |m A14807755116 
998 f f |a PS1449.C85 R4 1951  |t 0  |l Remote Storage